|
|
|
|
| LEADER |
00000nas a2200000 a 4500 |
| 001 |
ssj0001377 |
| 003 |
WaSeSS |
| 005 |
20200512172242.0 |
| 006 |
m d |
| 007 |
cr n |
| 008 |
990730c19029999iaumr pss 0 0eng |
| 010 |
|
|
|a sn 99015392
|
| 022 |
|
|
|y 0039-4432
|
| 035 |
|
|
|a (WaSeSS)ssj0001377
|
| 040 |
|
|
|a AGL
|b eng
|c AGL
|d OCLCQ
|d OCLCO
|d OCLCQ
|d OCLCF
|d OCLCQ
|d WaSeSS
|
| 042 |
|
|
|a pcc
|
| 043 |
|
|
|a n-us---
|
| 070 |
0 |
|
|a S1
|b .S832
|
| 072 |
|
0 |
|a A000
|
| 072 |
|
0 |
|a E200
|
| 072 |
|
0 |
|a F130
|
| 245 |
0 |
0 |
|a Successful farming online
|h [electronic resource].
|
| 246 |
1 |
|
|i Some issues have cover title:
|a Successful farming
|
| 260 |
|
|
|a Des Moines, Iowa :
|b Meredith Corp.
|
| 362 |
1 |
|
|a Print began in 1902.
|
| 506 |
|
|
|a License restrictions may limit access.
|
| 520 |
|
|
|a Provides the latest information on precision farming and agricultural computing as well as discussion of machinery, weather, livestock, and technology.
|
| 538 |
|
|
|a Mode of access: World Wide Web.
|
| 588 |
|
|
|a Description based on: Vol. 94, no. 10 (Oct. 1996); title from caption (viewed July 30, 1999).
|
| 588 |
|
|
|a Latest issue consulted: Vol. 97, no. 6 (Apr. 1999).
|
| 650 |
|
0 |
|a Agriculture
|z United States.
|
| 650 |
|
7 |
|a Agriculture.
|2 fast
|0 (OCoLC)fst00801355
|
| 651 |
|
7 |
|a United States.
|2 fast
|0 (OCoLC)fst01204155
|
| 655 |
|
0 |
|a Electronic journals.
|
| 730 |
0 |
|
|a Sussessful farming.
|
| 776 |
1 |
|
|t Successful farming
|x 0039-4432
|w (OCoLC)1639325
|
| 856 |
4 |
0 |
|z Full text available from Research Library: 01/01/1994 to 10/31/2001
|u https://search.proquest.com/publication/42140
|